000 00577nam a2200181Ia 4500
008 100917s9999 xx 000 0 und d
082 _b27020
100 _aभिडे गोविंद
245 _aसागरा प्राण तळमळला l
260 _bकेशव वामन जोशी
_c1973
300 _a101
365 _b6
520 _aचरित्र
630 _aसागरा प्राण तळमळला l
650 _aचरित्र
730 _aसागरा प्राण तळमळला l
942 _cBOOK
999 _c632414
_d632411